[Event "FRA-ch Seniors"]
[Site "Chartres"]
[Date "2019.??.??"]
[Round "8"]
[White "Large, Laurent"]
[Black "Dussol, Pierre"]
[Result "0-1"]
[WhiteElo "2211"]
[BlackElo "2113"]
[PlyCount "74"]
[EventDate "2019.08.17"]
[EventType "swiss"]
[EventRounds "9"]
[EventCountry "FRA"]
[SourceTitle "EXT 2020"]
[Source "ChessBase"]
[SourceDate "2019.10.17"]
[SourceVersion "1"]
[SourceVersionDate "2019.10.17"]
[SourceQuality "1"]

1. d4 Nf6 2. Nf3 g6 3. c4 Bg7 4. e3 0-0 5. Be2 d6 6. Nc3 Nbd7 7. 0-0 e5 8. Qc2 c6 9. Rd1 Re8 10. b4 e4 11. Nd2 Qe7 12. a4 Nf8 13. a5 Bf5 14. a6 b6 15. Bb2 Rac8 16. Nf1 h5 17. c5 d5 18. cxb6 axb6 19. b5 Qe6 20. bxc6 Qxc6 21. Qb3 Qe6 22. a7 Ra8 23. Nb5 Qd7 24. Rdc1 Ne6 25. Qa4 Red8 26. Qa6 h4 27. Qxb6 Ne8 28. Ba3 h3 29. g3 Ng5 30. Qc6 Qxc6 31. Rxc6 Bd7 32. Rb6 Bxb5 33. Rxb5 Rxa7 34. Bb2 Rxa1 35. Bxa1 Rc8 36. Rxd5 f5 37. g4 Rc2 0-1

[Event "FRA-ch Seniors"]
[Site "Nimes"]
[Date "2018.08.22"]
[Round "5"]
[White "Dussol, Pierre"]
[Black "Dijon, Frederic"]
[Result "1-0"]
[WhiteElo "2096"]
[BlackElo "1901"]
[PlyCount "59"]
[EventDate "2018.08.18"]
[EventType "swiss"]
[EventRounds "9"]
[EventCountry "FRA"]
[SourceTitle "EXT 2020"]
[Source "ChessBase"]
[SourceDate "2019.10.17"]
[SourceVersion "1"]
[SourceVersionDate "2019.10.17"]
[SourceQuality "1"]

1. e4 e6 2. d4 d5 3. e5 c5 4. Nf3 Nc6 5. Bd3 Nh6 6. dxc5 Nf5 7. 0-0 Bxc5 8. Bf4 h6 9. Bxf5 exf5 10. h4 Be6 11. Nc3 a6 12. a3 Be7 13. h5 g5 14. hxg6 fxg6 15. Ne2 g5 16. Nfd4 Nxd4 17. Nxd4 Qb6 18. Be3 Bc5 19. Nxe6 Bxe3 20. Ng7+ Kf8 21. Nxf5 Bf4 22. Qxd5 Rd8 23. Nd6 Rh7 24. Rad1 Re7 25. Qe4 Rxe5 26. Qg6 Qc7 27. Qf6+ Kg8 28. Nb5 Rxd1 29. Nxc7 Ree1 30. Qg6+ 1-0

[Event "Montpellier op 21st"]
[Site "Montpellier"]
[Date "2015.07.07"]
[Round "3"]
[White "Dussol, Pierre"]
[Black "Balais, Andre"]
[Result "1-0"]
[WhiteElo "2116"]
[BlackElo "1783"]
[PlyCount "39"]
[EventDate "2015.07.05"]
[EventType "swiss"]
[EventRounds "9"]
[EventCountry "FRA"]
[SourceTitle "EXT 2016"]
[Source "ChessBase"]
[SourceDate "2015.10.08"]
[SourceVersion "1"]
[SourceVersionDate "2015.10.08"]
[SourceQuality "1"]

1. d4 Nf6 2. c4 c5 3. d5 b5 4. Qc2 d6 5. e4 g6 6. b3 b4 7. Bb2 Nbd7 8. f4 Bg7 9. Nf3 0-0 10. Bd3 Ng4 11. Bxg7 Kxg7 12. h3 Nh6 13. g4 f6 14. Nbd2 Nb6 15. 0-0 a5 16. e5 a4 17. Rae1 axb3 18. axb3 f5 19. g5 Ng8 20. Qb2 1-0

[Event "FRA-ch Seniors"]
[Site "Nimes"]
[Date "2014.08.27"]
[Round "10"]
[White "Dussol, Pierre"]
[Black "Decroix, Paloan"]
[Result "1-0"]
[WhiteElo "2162"]
[BlackElo "2065"]
[PlyCount "40"]
[EventDate "2014.08.17"]
[EventType "swiss"]
[EventRounds "11"]
[EventCountry "FRA"]
[SourceTitle "EXT 2017"]
[Source "ChessBase"]
[SourceDate "2016.10.25"]
[SourceVersion "1"]
[SourceVersionDate "2016.10.25"]
[SourceQuality "1"]

1. Nf3 Nf6 2. g3 g6 3. Bg2 c5 4. 0-0 Bg7 5. c4 0-0 6. d4 cxd4 7. Nxd4 Nc6 8. Nc3 Ng4 9. e3 f5 10. b3 e5 11. Ndb5 e4 12. Ba3 Re8 13. Nd5 Be5 14. Bd6 a6 15. Bc7 Qg5 16. Bxe5 Rxe5 17. Nd6 Rb8 18. h3 Nh6 19. Nb6 Ne7 20. Ndxc8 Ra8 1-0

[Event "FRA-ch Seniors"]
[Site "Nimes"]
[Date "2014.08.19"]
[Round "3"]
[White "Birens, Eric Andre"]
[Black "Dussol, Pierre"]
[Result "1/2-1/2"]
[WhiteElo "1885"]
[BlackElo "2162"]
[PlyCount "122"]
[EventDate "2014.08.17"]
[EventType "swiss"]
[EventRounds "11"]
[EventCountry "FRA"]
[SourceTitle "EXT 2017"]
[Source "ChessBase"]
[SourceDate "2016.10.25"]
[SourceVersion "1"]
[SourceVersionDate "2016.10.25"]
[SourceQuality "1"]

1. d4 c5 2. d5 f5 3. e4 fxe4 4. Nc3 Nf6 5. g4 h6 6. Bg2 d6 7. h3 e6 8. Nge2 exd5 9. Nxd5 Nc6 10. Nec3 Be6 11. Nxf6+ Qxf6 12. Nxe4 Qe5 13. c3 d5 14. f4 Qc7 15. Nf2 0-0-0 16. 0-0 d4 17. Qe2 Bf7 18. Rd1 h5 19. Bxc6 Qxc6 20. cxd4 cxd4 21. Bd2 Bc4 22. Qe4 Qxe4 23. Nxe4 Bd5 24. Rac1+ Kb8 25. Nf2 hxg4 26. hxg4 Bxa2 27. Be3 Bd6 28. Rxd4 Bb3 29. Ne4 Bc7 30. Rxd8+ Bxd8 31. Nc5 Bb6 32. Nd7+ Ka8 33. Bxb6 Be6 34. Nc5 Bd5 35. Kf2 axb6 36. Nd7 Rh2+ 37. Ke3 Rxb2 38. Ra1+ Ba2 39. Ke4 b5 40. Kf5 b4 41. Kg6 Rd2 42. Ne5 b3 43. Kxg7 Kb8 44. f5 Rd4 45. f6 b2 46. Rh1 Rb4 47. g5 b1Q 48. Rxb1 Rxb1 49. g6 Rg1 50. f7 Bxf7 51. Kxf7 Kc7 52. g7 Rf1+ 53. Ke6 Rg1 54. Kf7 Rxg7+ 55. Kxg7 Kd6 56. Kf6 Kd5 57. Kf5 Kd4 58. Kf4 b5 59. Nc6+ Kc5 60. Na5 Kb4 61. Nc6+ Kc4 1/2-1/2

[Event "FRA-ch Seniors"]
[Site "Nimes"]
[Date "2014.08.18"]
[Round "2"]
[White "Dussol, Pierre"]
[Black "Dubreuil, Remy"]
[Result "1-0"]
[WhiteElo "2162"]
[BlackElo "1854"]
[PlyCount "49"]
[EventDate "2014.08.17"]
[EventType "swiss"]
[EventRounds "11"]
[EventCountry "FRA"]
[SourceTitle "EXT 2017"]
[Source "ChessBase"]
[SourceDate "2016.10.25"]
[SourceVersion "1"]
[SourceVersionDate "2016.10.25"]
[SourceQuality "1"]

1. e4 e6 2. d4 d5 3. Nc3 Nf6 4. Bg5 Bb4 5. e5 Bxc3+ 6. bxc3 h6 7. Be3 Ne4 8. Qg4 g6 9. Bd3 Nxc3 10. h4 c5 11. Nf3 c4 12. Bd2 cxd3 13. Bxc3 Qc7 14. Bd2 dxc2 15. 0-0 Bd7 16. h5 g5 17. Nxg5 Bb5 18. Nxe6 fxe6 19. Qxe6+ Qe7 20. Qc8+ Qd8 21. Qxb7 Bxf1 22. Qg7 Rf8 23. Bb4 Nd7 24. e6 Qf6 25. Qxd7# 1-0

[Event "Saint Affrique op 22nd"]
[Site "Saint Affrique"]
[Date "2014.07.26"]
[Round "9.12"]
[White "Dussol, Pierre"]
[Black "Grosse, Ludovic"]
[Result "1-0"]
[WhiteElo "2156"]
[BlackElo "1903"]
[PlyCount "52"]
[EventDate "2014.07.19"]
[EventType "swiss"]
[EventRounds "9"]
[EventCountry "FRA"]
[SourceTitle "CBM 161 Extra"]
[Source "ChessBase"]
[SourceDate "2014.08.29"]
[SourceVersion "1"]
[SourceVersionDate "2014.08.29"]
[SourceQuality "1"]

1. e4 c5 2. Nf3 d6 3. d4 cxd4 4. Qxd4 Nc6 5. Bb5 Bd7 6. Bxc6 Bxc6 7. Nc3 Nf6 8. Bg5 e6 9. 0-0-0 Be7 10. Qd3 0-0 11. Nd4 Qa5 12. f4 Rac8 13. f5 Rfe8 14. h4 Bd7 15. Rhe1 a6 16. e5 Nd5 17. Nb3 Qc7 18. Bxe7 Rxe7 19. f6 Ree8 20. Qg3 g6 21. exd6 Qc6 22. Nd4 Qb6 23. Nxd5 exd5 24. Re7 Rxe7 25. fxe7 Qc5 26. Qe5 Bf5 1-0

[Event "Saint Affrique op 22nd"]
[Site "Saint Affrique"]
[Date "2014.07.24"]
[Round "7"]
[White "Dussol, Pierre"]
[Black "Arcusa, Michel"]
[Result "1-0"]
[WhiteElo "2156"]
[BlackElo "1865"]
[PlyCount "135"]
[EventDate "2014.07.19"]
[EventType "swiss"]
[EventRounds "9"]
[EventCountry "FRA"]
[SourceTitle "CBM 161 Extra"]
[Source "ChessBase"]
[SourceDate "2014.08.29"]
[SourceVersion "1"]
[SourceVersionDate "2014.08.29"]
[SourceQuality "1"]

1. d4 d6 2. e4 Nf6 3. Nc3 e5 4. Bg5 Be7 5. dxe5 dxe5 6. Qxd8+ Bxd8 7. Nf3 Nbd7 8. 0-0-0 c6 9. a4 Ng4 10. Bxd8 Kxd8 11. Rd2 Ke7 12. Bc4 f6 13. Rhd1 Nh6 14. Rd6 Nb6 15. Bb3 Nf7 16. R6d3 Nh6 17. a5 Nd7 18. Rd6 Nc5 19. Ba2 Nf7 20. Bxf7 Kxf7 21. h3 Ke7 22. R6d2 Ne6 23. a6 b6 24. b4 Bxa6 25. Rd7+ Ke8 26. R7d6 Nd8 27. Nh4 Rf8 28. Nf5 Rf7 29. g3 Rc7 30. f4 exf4 31. gxf4 Nb7 32. R6d2 g6 33. Ne3 Rd8 34. Ng4 Rxd2 35. Rxd2 Kf7 36. e5 f5 37. Nf6 h6 38. h4 h5 39. Nh7 Bc4 40. Rd4 b5 41. Nd1 c5 42. bxc5 Nxc5 43. Ng5+ Ke7 44. Rd6 Ne6 45. Nxe6 Bxe6 46. Ra6 Kf7 47. Ne3 b4 48. Kd2 Rd7+ 49. Ke2 Rc7 50. Kf3 Bc8 51. Ra4 Rb7 52. Nc4 Kf8 53. Nd6 Rc7 54. Rxb4 Be6 55. c4 a5 56. Ra4 Ra7 57. Ke3 Bd7 58. Nb5 Bxb5 59. cxb5 Ke7 60. Kd4 Kd7 61. b6 Ra8 62. Kc5 Rc8+ 63. Kb5 Rc1 64. Ka6 Kc6 65. b7 Rb1 66. Rc4+ Kd5 67. Rc8 g5 68. hxg5 1-0

[Event "Montpellier op 20th"]
[Site "Montpellier"]
[Date "2014.07.08"]
[Round "4"]
[White "Dussol, Pierre"]
[Black "Flear, Glenn C"]
[Result "0-1"]
[WhiteElo "2156"]
[BlackElo "2464"]
[PlyCount "80"]
[EventDate "2014.07.05"]
[EventType "swiss"]
[EventRounds "9"]
[EventCountry "FRA"]
[SourceTitle "CBM 161 Extra"]
[Source "ChessBase"]
[SourceDate "2014.08.29"]
[SourceVersion "1"]
[SourceVersionDate "2014.08.29"]
[SourceQuality "1"]

1. b3 d5 2. Bb2 Bg4 3. f3 Bf5 4. e4 dxe4 5. Qe2 exf3 6. Qb5+ Bd7 7. Qxb7 f2+ 8. Kxf2 Nc6 9. Qa6 e5 10. Nf3 Bc5+ 11. Ke1 Nf6 12. Bb5 Nd4 13. Bxd7+ Qxd7 14. Qc4 Nxf3+ 15. gxf3 Qe7 16. Qa4+ Nd7 17. Nc3 0-0 18. Ke2 Rad8 19. Rae1 Nb6 20. Qb5 Rxd2+ 21. Kxd2 Qg5+ 22. Kd1 Rd8+ 23. Qd3 Rxd3+ 24. cxd3 Qg2 25. Kc1 Qxf3 26. Ne4 Be3+ 27. Kb1 Bd4 28. Rd1 Bxb2 29. Kxb2 Nd5 30. Ka3 h6 31. Rhe1 f5 32. Nd2 Qf2 33. Nc4 Qc5+ 34. Kb2 Qd4+ 35. Ka3 Nc3 36. Rd2 c5 37. b4 cxb4+ 38. Kxb4 Nd5+ 39. Kb5 e4 40. Nb2 Qb4+ 0-1

[Event "FRA-ch Seniors"]
[Site "Pau"]
[Date "2012.08.21"]
[Round "7"]
[White "Dussol, Pierre"]
[Black "Andrieu, Philippe"]
[Result "1-0"]
[WhiteElo "2210"]
[BlackElo "1890"]
[PlyCount "73"]
[EventDate "2012.08.14"]
[EventType "swiss"]
[EventRounds "11"]
[EventCountry "FRA"]
[SourceTitle "EXT 2013"]
[Source "ChessBase"]
[SourceDate "2012.11.22"]
[SourceVersion "1"]
[SourceVersionDate "2012.11.22"]
[SourceQuality "1"]

1. e4 c5 2. Nf3 Nc6 3. Nc3 d6 4. d4 cxd4 5. Nxd4 Nf6 6. Bc4 g6 7. Nxc6 bxc6 8. e5 Nd7 9. exd6 exd6 10. 0-0 Ne5 11. Re1 Be7 12. Bb3 0-0 13. Bh6 Re8 14. h3 Ba6 15. Rxe5 dxe5 16. Qf3 Rf8 17. Bxf8 Qxf8 18. Qxc6 Qc8 19. Qf3 Kh8 20. Nd5 Bg5 21. Nc7 Qxc7 22. Qxa8+ Kg7 23. Qe8 Bb7 24. Qb5 Bc6 25. Qc4 Qd7 26. c3 Qb7 27. Rd1 Bb5 28. Qd5 Bc6 29. Qxe5+ Bf6 30. Qf4 g5 31. Qf5 Qe7 32. Bc2 Qe2 33. Qxh7+ Kf8 34. Bb3 Bd5 35. Rxd5 Qe1+ 36. Kh2 Qxf2 37. Qxf7+ 1-0

[Event "FRA-ch Seniors"]
[Site "Pau"]
[Date "2012.08.18"]
[Round "5"]
[White "Dussol, Pierre"]
[Black "Molet, Asher"]
[Result "1-0"]
[WhiteElo "2210"]
[BlackElo "1814"]
[PlyCount "63"]
[EventDate "2012.08.14"]
[EventType "swiss"]
[EventRounds "11"]
[EventCountry "FRA"]
[SourceTitle "EXT 2013"]
[Source "ChessBase"]
[SourceDate "2012.11.22"]
[SourceVersion "1"]
[SourceVersionDate "2012.11.22"]
[SourceQuality "1"]

1. e4 c5 2. Nf3 Nc6 3. Nc3 d6 4. d4 cxd4 5. Nxd4 Nf6 6. Bc4 e6 7. Be3 Be7 8. Qe2 a6 9. 0-0-0 Qc7 10. f3 0-0 11. g4 Nxd4 12. Bxd4 b5 13. Bb3 Bb7 14. g5 Nd7 15. g6 Bg5+ 16. Kb1 hxg6 17. h4 Bf6 18. h5 g5 19. Bxf6 Nxf6 20. h6 g6 21. h7+ Kg7 22. Qh2 Kh8 23. Rxd6 Qe7 24. Qe5 Rad8 25. Rxd8 Rxd8 26. a3 Kg7 27. Bd5 Bc8 28. Bc6 Rh8 29. Nd5 Qf8 30. Nc7 Bd7 31. Rd1 Kxh7 32. Bxd7 1-0

[Event "Cap d'Agde CCAS op"]
[Site "Cap d'Agde"]
[Date "2010.10.23"]
[Round "1"]
[White "Dussol, Pierre"]
[Black "Hebden, Mark"]
[Result "0-1"]
[WhiteElo "2167"]
[BlackElo "2556"]
[PlyCount "86"]
[EventDate "2010.10.23"]
[EventType "swiss"]
[EventRounds "7"]
[EventCountry "FRA"]
[SourceTitle "EXT 2012"]
[Source "ChessBase"]
[SourceDate "2011.11.24"]
[SourceVersion "1"]
[SourceVersionDate "2011.11.24"]
[SourceQuality "1"]

1. Nf3 Nf6 2. d4 d6 3. c4 g6 4. Nc3 Bg7 5. e4 0-0 6. h3 a5 7. Bg5 Na6 8. Be2 c6 9. 0-0 h6 10. Be3 e5 11. dxe5 dxe5 12. Qxd8 Rxd8 13. Bb6 Re8 14. Nd2 Nd7 15. Be3 Bf8 16. Bg4 h5 17. Bxd7 Bxd7 18. Nb3 Be6 19. Rfc1 Nb4 20. Na4 b5 21. Nb6 Ra6 22. cxb5 cxb5 23. Rc3 a4 24. Nc1 f5 25. f3 f4 26. Bf2 Rd8 27. a3 Rd1+ 28. Kh2 Rd2 29. Bg1 Nc2 30. Rxc2 Rxc2 31. Nd3 g5 32. Rd1 g4 33. hxg4 hxg4 34. Nxe5 Bg7 35. Rd8+ Kh7 36. Nxg4 Bxg4 37. fxg4 Rc6 38. g5 Rcxb6 39. Bxb6 Rxb6 40. Rd2 Kg6 41. Kh3 Kxg5 42. Rd5+ Kg6 43. Rd2 Be5 0-1

[Event "FRA-chT Top 16 Gp Haute"]
[Site "Le Port Marly"]
[Date "2009.05.31"]
[Round "11"]
[White "Dussol, Pierre"]
[Black "Feller, Sebastien"]
[Result "0-1"]
[WhiteElo "2232"]
[BlackElo "2539"]
[PlyCount "88"]
[EventDate "2009.05.28"]
[EventType "team"]
[EventRounds "11"]
[EventCountry "FRA"]
[SourceTitle "CBM 130 Extra"]
[Source "ChessBase"]
[SourceDate "2009.07.02"]
[SourceVersion "2"]
[SourceVersionDate "2009.07.15"]
[SourceQuality "1"]

1. e4 c5 2. Nf3 e6 3. d3 Nc6 4. g3 d5 5. Nbd2 Bd6 6. Bg2 Nge7 7. 0-0 0-0 8. Nh4 Bd7 9. f4 f6 10. f5 exf5 11. exd5 Ne5 12. Nc4 Nxc4 13. dxc4 g5 14. Nf3 Ng6 15. Be3 Qc7 16. Qd3 Rae8 17. Rae1 f4 18. gxf4 g4 19. Nd2 f5 20. b4 Nxf4 21. Bxf4 Bxf4 22. bxc5 Bxh2+ 23. Kh1 Rxe1 24. Rxe1 Qd8 25. Qd4 Bg3 26. Rb1 Qh4+ 27. Kg1 Qh2+ 28. Kf1 Be5 29. Qe3 Bf4 30. Qd4 Re8 31. Rb3 Qh4 32. Qf2 Qxf2+ 33. Kxf2 Bxd2 34. Rxb7 Bc8 35. Rc7 f4 36. d6 Be3+ 37. Kf1 f3 38. d7 fxg2+ 39. Kxg2 Bxd7 40. Rxd7 Bxc5 41. Rd5 Bf8 42. Ra5 Re2+ 43. Kg3 Rxc2 44. Ra4 Rc3+ 0-1

[Event "FRA-chT Top 16 Gp Haute"]
[Site "Le Port Marly"]
[Date "2009.05.28"]
[Round "8"]
[White "Fargere, Francois"]
[Black "Dussol, Pierre"]
[Result "1-0"]
[WhiteElo "2459"]
[BlackElo "2232"]
[PlyCount "121"]
[EventDate "2009.05.28"]
[EventType "team"]
[EventRounds "11"]
[EventCountry "FRA"]
[SourceTitle "CBM 130 Extra"]
[Source "ChessBase"]
[SourceDate "2009.07.02"]
[SourceVersion "2"]
[SourceVersionDate "2009.07.15"]
[SourceQuality "1"]

1. e4 g6 2. d4 Bg7 3. Nc3 d6 4. Be3 a6 5. Bd3 b5 6. Nf3 Nd7 7. e5 Bb7 8. e6 fxe6 9. Ng5 Nf8 10. 0-0 Nf6 11. f4 b4 12. Nce4 h6 13. Nxf6+ exf6 14. Bxg6+ Nxg6 15. Nxe6 Qe7 16. Qg4 Rg8 17. Rae1 Qf7 18. Bf2 Ne7 19. Nxc7+ Kd8 20. Ne6+ Ke8 21. Nc7+ Kd8 22. Ne6+ Ke8 23. Qd1 Kd7 24. f5 Bd5 25. Bg3 Rgc8 26. c3 Nxf5 27. Qa4+ Rc6 28. Rxf5 Bxe6 29. Rxe6 Kxe6 30. Qxc6 Kxf5 31. Qf3+ Kg6 32. Qxa8 bxc3 33. bxc3 Qxa2 34. Qe8+ Kh7 35. Qe4+ Kh8 36. h3 d5 37. Qe8+ Kh7 38. Kh2 Qc4 39. Qd7 Qxc3 40. Qf5+ Kh8 41. Qxd5 f5 42. Be5 Qe3 43. Qd8+ Kh7 44. Qc7 Qg5 45. Kh1 Kg8 46. Bxg7 Qxg7 47. Qc8+ Qf8 48. Qxa6 Kg7 49. Qe6 f4 50. Kg1 Qb8 51. d5 Qb1+ 52. Kh2 Qd3 53. Qe7+ Kg6 54. Qe6+ Kg7 55. Kg1 Qd4+ 56. Kf1 Qd3+ 57. Kf2 Qg3+ 58. Kg1 Kh7 59. Qe7+ Kh8 60. d6 Qd3 61. d7 1-0

[Event "FRA-chT2 South 0708"]
[Site "France"]
[Date "2008.03.16"]
[Round "9.6"]
[White "Dussol, Pierre"]
[Black "Galloux, Maxime"]
[Result "1-0"]
[WhiteElo "2203"]
[BlackElo "2062"]
[PlyCount "57"]
[EventDate "2007.10.21"]
[EventType "team"]
[EventRounds "11"]
[EventCountry "FRA"]
[SourceTitle "EXT 2009"]
[Source "ChessBase"]
[SourceDate "2008.11.26"]
[SourceVersion "1"]
[SourceVersionDate "2008.11.26"]
[SourceQuality "1"]
[WhiteTeam "Montpellier II"]
[BlackTeam "Echiquier Bordelais"]
[WhiteTeamCountry "FRA"]
[BlackTeamCountry "FRA"]

1. e4 c5 2. d4 cxd4 3. c3 g6 4. cxd4 d5 5. e5 Bg7 6. Nc3 Nc6 7. Be2 Nh6 8. Bf3 Nf5 9. Nge2 e6 10. Bg4 0-0 11. Bxf5 exf5 12. Be3 g5 13. f4 g4 14. 0-0 Re8 15. Ng3 Be6 16. Nb5 Bf8 17. h3 gxh3 18. Qh5 Kh8 19. Qxh3 Qd7 20. Nh5 Be7 21. Kf2 Nxe5 22. dxe5 Qxb5 23. Nf6 Qxb2+ 24. Kf3 Bxf6 25. Rh1 Kg8 26. Qxh7+ Kf8 27. Rab1 Qc3 28. exf6 Qxf6 29. Bc5+ 1-0

[Event "FRA-chT2 South 0708"]
[Site "France"]
[Date "2008.03.15"]
[Round "8.3"]
[White "Dussol, Pierre"]
[Black "Calas, Bernard"]
[Result "1-0"]
[WhiteElo "2203"]
[BlackElo "2138"]
[PlyCount "69"]
[EventDate "2007.10.21"]
[EventType "team"]
[EventRounds "11"]
[EventCountry "FRA"]
[SourceTitle "EXT 2009"]
[Source "ChessBase"]
[SourceDate "2008.11.26"]
[SourceVersion "1"]
[SourceVersionDate "2008.11.26"]
[SourceQuality "1"]
[WhiteTeam "Montpellier II"]
[BlackTeam "Bordeaux ASPOM"]
[WhiteTeamCountry "FRA"]
[BlackTeamCountry "FRA"]

1. e4 g6 2. d4 Bg7 3. Nc3 c5 4. d5 d6 5. h3 Nf6 6. Nf3 0-0 7. Bf4 b5 8. Bxb5 Nxe4 9. Nxe4 Qa5+ 10. c3 Qxb5 11. Qe2 Qa4 12. b3 Bxc3+ 13. Nfd2 Qd4 14. Nxc3 Qxf4 15. Qxe7 Bf5 16. 0-0-0 Na6 17. g4 Qb4 18. Kb2 Bd3 19. Qxd6 Rad8 20. Qf6 Nc7 21. Qc6 Nb5 22. Nxb5 Bxb5 23. Qf6 Rxd5 24. Nb1 Rxd1 25. Rxd1 Re8 26. Nc3 Bc4 27. h4 Be6 28. h5 c4 29. h6 Qf8 30. g5 cxb3 31. axb3 Rb8 32. Nd5 Rb7 33. Ne7+ Rxe7 34. Rd8 Qxd8 35. Qg7# 1-0

[Event "FRA-chT2 South 0708"]
[Site "France"]
[Date "2008.01.19"]
[Round "5.7"]
[White "Dussol, Pierre"]
[Black "Cherki, Thomas"]
[Result "1-0"]
[WhiteElo "2203"]
[BlackElo "2227"]
[PlyCount "65"]
[EventDate "2007.10.21"]
[EventType "team"]
[EventRounds "11"]
[EventCountry "FRA"]
[SourceTitle "EXT 2009"]
[Source "ChessBase"]
[SourceDate "2008.11.26"]
[SourceVersion "1"]
[SourceVersionDate "2008.11.26"]
[SourceQuality "1"]
[WhiteTeam "Montpellier II"]
[BlackTeam "Vitrolles"]
[WhiteTeamCountry "FRA"]
[BlackTeamCountry "FRA"]

1. e4 Nf6 2. e5 Nd5 3. d4 d6 4. c4 Nb6 5. exd6 exd6 6. Nc3 Be7 7. Be2 0-0 8. h3 Bf6 9. Nf3 Re8 10. 0-0 Nc6 11. Be3 Bf5 12. b3 d5 13. c5 Nc8 14. Qd2 Be4 15. b4 N6e7 16. Rad1 Nf5 17. Nxe4 dxe4 18. Ne5 Nce7 19. Qc2 Nd5 20. Bc4 Bxe5 21. dxe5 Nfxe3 22. fxe3 Rxe5 23. Qb2 Qg5 24. h4 Qh5 25. Be2 Qxh4 26. Qxe5 Nxe3 27. Rxf7 Kxf7 28. Rd7+ Kg6 29. Rxg7+ Kh6 30. g3 Qd8 31. Re7 Kg6 32. Qg7+ Kf5 33. Re5# 1-0

[Event "FRA-chT2 South 0708"]
[Site "France"]
[Date "2007.11.24"]
[Round "2.4"]
[White "Faure, Nicolas"]
[Black "Dussol, Pierre"]
[Result "1-0"]
[WhiteElo "2054"]
[BlackElo "2225"]
[PlyCount "81"]
[EventDate "2007.10.21"]
[EventType "team"]
[EventRounds "11"]
[EventCountry "FRA"]
[SourceTitle "EXT 2009"]
[Source "ChessBase"]
[SourceDate "2008.11.26"]
[SourceVersion "1"]
[SourceVersionDate "2008.11.26"]
[SourceQuality "1"]
[WhiteTeam "Tournefeuille"]
[BlackTeam "Montpellier II"]
[WhiteTeamCountry "FRA"]
[BlackTeamCountry "FRA"]

1. e4 c5 2. Nf3 e6 3. d4 cxd4 4. Nxd4 Nc6 5. Nb5 d6 6. c4 a6 7. N5c3 Nf6 8. Be2 Be7 9. 0-0 b6 10. Be3 Ne5 11. f4 Ned7 12. f5 0-0 13. fxe6 fxe6 14. Nd2 Rb8 15. Nb3 Nc5 16. Nd4 Bd7 17. Qc2 Qe8 18. b4 Na4 19. Nxa4 Bxa4 20. Qd3 Bd7 21. Bd1 Qg6 22. Bc2 Ng4 23. Nf3 b5 24. c5 Nxe3 25. Qxe3 dxc5 26. Ne5 Qe8 27. Rxf8+ Bxf8 28. Rd1 Bc8 29. bxc5 Qh5 30. Qg3 Bxc5+ 31. Kh1 Bb7 32. Nd7 Rf8 33. Nxf8 Bxf8 34. Rf1 Qc5 35. Qf4 Qe7 36. Bb3 Bc8 37. Rc1 Bd7 38. Qe5 a5 39. Rc7 Kf7 40. Qh5+ Kg8 41. Qd1 1-0

[Event "FRA-chT2 South 0708"]
[Site "France"]
[Date "2007.10.21"]
[Round "1.5"]
[White "Serreau, David"]
[Black "Dussol, Pierre"]
[Result "1-0"]
[WhiteElo "2181"]
[BlackElo "2225"]
[PlyCount "127"]
[EventDate "2007.10.21"]
[EventType "team"]
[EventRounds "11"]
[EventCountry "FRA"]
[SourceTitle "EXT 2009"]
[Source "ChessBase"]
[SourceDate "2008.11.26"]
[SourceVersion "1"]
[SourceVersionDate "2008.11.26"]
[SourceQuality "1"]
[WhiteTeam "Montpellier Diagonale"]
[BlackTeam "Montpellier II"]
[WhiteTeamCountry "FRA"]
[BlackTeamCountry "FRA"]

1. Nf3 Nf6 2. c4 g6 3. b3 Bg7 4. Bb2 0-0 5. g3 c5 6. Bg2 Nc6 7. 0-0 d6 8. d4 Bg4 9. Nbd2 cxd4 10. Nxd4 Qd7 11. N2f3 Nh5 12. Qd2 e5 13. Nb5 Rad8 14. Rad1 Bh3 15. Nxd6 Bxg2 16. Kxg2 e4 17. Ng5 e3 18. fxe3 Qxd6 19. Qxd6 Rxd6 20. Rxd6 Bxb2 21. g4 Ng7 22. Rd7 f6 23. Nf3 f5 24. Nd4 Ne5 25. Rxg7+ Kxg7 26. Ne6+ Kf7 27. Nxf8 Kxf8 28. gxf5 g5 29. h3 Ke7 30. Rd1 Ba3 31. Rd5 Bd6 32. c5 Bc7 33. b4 h6 34. b5 Nd7 35. Kf3 h5 36. f6+ Nxf6 37. Rxg5 Kf7 38. e4 h4 39. a4 Bd8 40. Rg1 Nd7 41. Rd1 Ke6 42. Rd5 Be7 43. c6 bxc6 44. bxc6 Nb6 45. Ra5 Nc8 46. Rh5 Kd6 47. Rh6+ Kc7 48. e5 a5 49. Ke4 Bg5 50. Rh5 Bd8 51. Rh8 Nb6 52. e6 Be7 53. Rh5 Bb4 54. Rxh4 Nxa4 55. Rh7+ Kxc6 56. Kf5 Nc3 57. Kf6 a4 58. Ra7 Nd5+ 59. Kf7 a3 60. e4 Nc7 61. e7 Kb6 62. Rxc7 Bxe7 63. Rc2 Bc5 64. e5 1-0

[Event "Montpellier op"]
[Site "Montpellier"]
[Date "2007.07.11"]
[Round "5"]
[White "Demuth, Adrien"]
[Black "Dussol, Pierre"]
[Result "1-0"]
[WhiteElo "2193"]
[BlackElo "2247"]
[PlyCount "57"]
[EventDate "2007.12.26"]
[EventType "swiss"]
[EventRounds "7"]
[EventCountry "FRA"]
[SourceTitle "CBM 119 Extra"]
[Source "ChessBase"]
[SourceDate "2007.09.04"]
[SourceVersion "1"]
[SourceVersionDate "2007.09.04"]
[SourceQuality "1"]

1. d4 c5 2. d5 e5 3. e4 d6 4. Nc3 a6 5. a4 b6 6. Bd3 Be7 7. Nf3 Nd7 8. g4 Ngf6 9. Rg1 0-0 10. g5 Ne8 11. Ne2 g6 12. h4 Ng7 13. Ng3 f5 14. exf5 gxf5 15. h5 e4 16. h6 Ne8 17. Nxe4 fxe4 18. Bxe4 Ra7 19. Bxh7+ Kh8 20. g6 Bf6 21. Ng5 Ne5 22. Qh5 Bxg5 23. Bxg5 Nf3+ 24. Qxf3 Rxf3 25. Bxd8 Rxh7 26. gxh7 Kxh7 27. 0-0-0 Nf6 28. Rg7+ Kh8 29. Rf7 1-0

[Event "Montpellier op"]
[Site "Montpellier"]
[Date "2007.07.07"]
[Round "1"]
[White "Hamdouchi, Hicham"]
[Black "Dussol, Pierre"]
[Result "1-0"]
[WhiteElo "2576"]
[BlackElo "2247"]
[PlyCount "65"]
[EventDate "2007.12.26"]
[EventType "swiss"]
[EventRounds "7"]
[EventCountry "FRA"]
[SourceTitle "CBM 119 Extra"]
[Source "ChessBase"]
[SourceDate "2007.09.04"]
[SourceVersion "1"]
[SourceVersionDate "2007.09.04"]
[SourceQuality "1"]

1. e4 c5 2. Nc3 Nc6 3. Bb5 e6 4. Bxc6 bxc6 5. d3 d6 6. f4 g6 7. Nf3 Bg7 8. 0-0 Ne7 9. e5 d5 10. Na4 c4 11. dxc4 0-0 12. b3 Nf5 13. Qe1 dxc4 14. Ba3 cxb3 15. axb3 Ba6 16. Rf2 Re8 17. Nc5 Qb6 18. g4 Nh6 19. h3 Rad8 20. Nxa6 Qxa6 21. Be7 Qb6 22. Bxd8 Rxd8 23. Kg2 Bf8 24. Qa5 Bb4 25. Qxb6 axb6 26. Ra6 Ba5 27. Ng5 c5 28. Kf3 Rd4 29. Ra8+ Kg7 30. Ra7 Kg8 31. Ne4 Rd1 32. Ra8+ Kg7 33. Nf6 1-0